000 00569nam a2200157Ia 4500
008 220216s9999 xx 000 0 und d
100 _aHebbar K.B
245 0 _aCarbon sequestration in plantation crops
260 _bIn: Impact of Climate Change on Plantation Crops. (Eds. K.B. Hebbar., S. Naresh Kumar and P. Chowdappa) Daya Publishing House, Astral International, New Delhi, India, pp. 157-168.
500 _aSource Year: 2017
650 _aCArbon sequestration
700 _aBalasimha D
700 _aNaresh Kumar S
856 _uBook in library
942 _cJS
999 _c55169
_d55169